000 00619nam a2200229Ia 4500
003 OSt
005 20220918203253.0
006 a|||||r|||| 00| 0
007 ta
008 220917b |||||||| |||| 00| 0 eng d
024 _a107,152
037 _cTextual
040 _aARTS
_cARTS
_beng
041 _2eng
_aeng
082 _aV3,31wN07,4, L7.3
100 _aCrossman Richard
_9107666
245 0 _aDiaries of a cabinet minister
260 _aN.Y
_bHolt Rinehart and Winston
_c1977
650 _aHISTORY
942 _hV3,31wN07,4, L7.3
_cTEXL
_2CC
999 _c230510
_d230510